Statistics for Famous Puppets

Click here to take the quiz!

General Stats

  • This quiz has been taken 56 times
  • The average score is 10 of 20

Answer Stats

Hint Answer % Correct
Frog who sings "It's not easy being green"Kermit
89%
Jim Henson's porcine divaMiss Piggy
87%
Red, furry, giggling Sesame StreeterElmo
81%
He really wanted to phone homeE.T.
81%
Caroll Spinney's 8-foot-tall yellow avianBig Bird
81%
Geppetto's wooden marionettePinocchio
79%
Inseparable friends on 'Sesame Street'Bert and Ernie
77%
Master Jedi, who trained Luke SkywalkerYoda
75%
Alien life form who had his own 80's showALF
70%
Han Solo's nemesis, who loves wall artJabba the Hutt
55%
Shari Lewis' sassy sock puppetLamb Chop
53%
Classic domestic-abusive puppet couplePunch and Judy
38%
"Say, kids, what time is it?"Howdy Doody
32%
Jeff Dunhams' Dead TerroristAchmed
28%
Ruler of Mr. Roger's NeighborhoodKing Friday XIII
19%
Edgar Bergen's wooden-headed friendCharlie McCarthy
17%
Fran's 2 friends; a dragon & a personKukla and Ollie
15%
Maria Perego's cute Italian mouseTopo Gigio
8%
Willie Tyler's smart-alecky sidekickLester
6%
Dragon who is the Mayor of Living IslandH.R. Pufnstuf
2%

Score Distribution

Percentile by Number Answered

Percent of People with Each Score

Your Score History

You have not taken this quiz